Los tres mosqueteros
Gardado en:
| Autor Principal: | |
|---|---|
| Formato: | Libro |
| Idioma: | Undetermined |
| Publicado: |
Bogotá, Colombia
Ediciones Universales
1989
|
| Materias: | |
| Etiquetas: |
Engadir etiqueta
Sen Etiquetas, Sexa o primeiro en etiquetar este rexistro!
|
MARC
| LEADER | 00000nam a2200000Ia 4500 | ||
|---|---|---|---|
| 008 | 170316s9999 xx 000 0 und d | ||
| 040 | |a cru BVZT | ||
| 090 | |a 840 D-14tr | ||
| 100 | |a Dumas, Alejandro |9 2436 | ||
| 245 | |a Los tres mosqueteros |c / Alejandro Dumas | ||
| 260 | |a Bogotá, Colombia | ||
| 260 | |b Ediciones Universales | ||
| 260 | |c 1989 | ||
| 300 | |a 150 páginas | ||
| 650 | |a LITERATURA FRANCESA |9 109 | ||
| 650 | |a NOVELA |9 13 | ||
| 650 | |a EN IDIOMA ESPAÑOL |9 562 | ||
| 942 | |c 15 D |h 840 D-14tr |2 z |6 840_D14TR | ||
| 999 | |c 7637 |d 7637 | ||
